000 01165nam a22003617a 4500
001 BR8201455
003 BR-BrBNA
005 20230928091251.0
007 ta
008 230509b bl.||||| |||| 00| 0 por d
040 _aBR-BrBNA
_bpor
_cBiblioteca Nacional de Agricultura
041 _a(Por)
072 _aL30
_b5213
_b3735
090 _ 5213 BR8201455
100 1 _aMargon, A.L.
110 1 _aUniversidade Federal de Vicosa, MG (Brasil)
_0Tese (Magister Scientiae)
245 1 _aRequerimentos de macrominerais (Ca, P, Mg, Na e K)para engorda de novilhos zebu [Calcio; Fosforo; Magnesio; Sodio; Potassio]
246 1 _a[Requirements of macrominerals (Ca, P, Mg, Na, and K)for fattening zebu calves [Calcium; Phosphorus; Magnesium; Sodium; Potassium]]
260 3 _aVicosa, MG (Brasil):
_c1981.
300 _a74 p.
500 _a29 tables; 43 ref.; Summary (Por)
650 _aNutricao animal
650 _aSuplemento mineral
650 _aGado zebu
650 _aEngorda
650 _aCalcio
650 _aFosforo
650 _aMagnesio
650 _aSodio
650 _aPotassio
909 _a202309
_bLucia
_c55
_dLucia Elande
942 _cBK
999 _c33120
_d33120